| 000 | 00359cam a2200145ua 4500 | ||
|---|---|---|---|
| 003 | OSt | ||
| 008 | 250108b |||||||| |||| 00| 0 eng d | ||
| 041 | _aeng | ||
| 082 |
_a621.384 5 _bSTA/TE |
||
| 100 |
_aStarr, A T . _96499 |
||
| 245 | _aTelecommunications / | ||
| 260 |
_aLondon : _bSir Isaac Pitman & Sons Ltd , _c1961. |
||
| 300 | _a470 ; . | ||
| 942 | _cBK | ||
| 999 |
_c10380 _d10380 |
||